000
00272nam a22001217a 4500
041
_a
ENG
100
_a
Singh.S
245
_a
Farm Tools And Equipment For Agriculture
260
_a
New Delhi
_b
New India Pub
_c
2016
300
_a
698
650
_a
FMP
856
_u
FMP ( 04 )
999
_c
1454
_d
1454